02429cam a22003495a 450000100090000000300090000900500170001800800410003502000180007602000150009403500240010904001150013304300120024808200230026010000370028324500440032026400720036430000590043633600260049533700280052133800270054950000230057650400510059952010980065065000440174865000570179265300310184965500170188094200120189799900170190995201530192619627822EG-ScBUE20221214122029.0170509s2016 ua ae f bd 001 0 eng d a9789774167324 a9774167325 a(OCoLC)ocn919186646 aYDXCPbengerdacYDXCPdOCLCQdBDXdVA@dYDXdMZAdOCLCFdGBVCPdOCLCOdGZMdIULdVMIdWTUdUABdDLCdEG-ScBUE af-ua---04a726.20962bOKA2221 aO'Kane, Bernard,eauthor.92365014aThe mosques of Egypt /cBernard O'Kane. aCairo ;aNew York :bThe American University In Cairo Press,c2016. axliv, 359 pages :bcolor illustrations, plans ;e31 cm 2rdacontentatextbtxt 2rdamediaaunmediatedbn 2rdacarrieravolumebnc aIncludes glossary. aIncludes bibliographical references and index. aLess than ten years after the death of the Prophet Muhammad, the new religion of Islam arrived in Egypt with the army of Amr ibn al-As in AD 639. Amr immediately established his capital at al-Fustat, just south of modern Cairo, and there he built Africa's first mosque, one still in regular use today. Since then, governors, caliphs, sultans, amirs, beys, pashas, among others, have built mosques, madrasas, and mausoleums throughout Egypt in a changing sequence of Fatimid, Ayyubid, Mamluk, Ottoman, and modern styles. Here, a leading historian of Islamic art and culture celebrates the great variety of Egypt's mosques and related religious buildings, from the early congregational mosques, through the medieval mausoleum--madrasas, to the neighborhood mosques of the Ottoman and modern periods. With outstanding architectural photography and authoritative descriptive texts, this book will be valued as the finest on the subject by scholars and general readers alike. Includes more that 80 of the country's most historic mosques, with more than 500 color photographs. -- Inside jacket flap. 7aMosqueszEgyptvPictorial works.2BUEsh 7aIslamic architecturezEgyptvPictorial works.2BUEsh bENGARCbGGENcFebruary2019 vReading book 2ddccBB c27192d27164 00102ddc40708AUCaMAINbMAINcLOWd2019-02-25ePurchaseg600.00h16583l0o726.20962 OKAp000044306r2025-07-15 00:00:00v750.00w2019-02-25yNB